City to city - by direction and distance - Statistics

General Stats
  • This quiz has been taken 15 times
  • The average score is 12 of 20
Answer Stats
Start city Direction Distance in km/miles Destination % Correct
Copenhagen East 1563/969 Moscow
100%
Sao Paulo East 361/224 Rio de Janeiro
79%
Shanghai South 690/428 Taipei
71%
Hamburg South 1864/1156 Tunis
71%
Mumbai North west 884/548 Karachi
64%
Dubai South east 365/226 Muscat
64%
Barcelona North 832/516 Paris
64%
Kuala Lumpur South east 309/192 Singapore
64%
Lagos North east 3892/2413 Cairo
57%
New York City East 5774/3580 Madrid
57%
Vienna West 356/221 Munich
57%
Reykjavik West 1439/892 Nuuk
57%
Washington D.C. North west 306/190 Pittsburgh
57%
Caracas West 1882/1167 San Jose
57%
San Francisco North 1094/678 Seattle
57%
Tallinn West 385/239 Stockholm
57%
Hanoi South west 478/296 Vientiane
57%
San Diego East 1904/1180 Dallas
50%
Ashgabat East 916/568 Dushanbe
50%
Athens North east 563/349 Istanbul
50%
No matching quizzes found
Score Distribution
Percent of People with Each Score
Percentile by Number Answered
Your Score History
You have not taken this quiz